000 00583nam a2200205Ii 4500
003 JO-AjNU
008 230606s9999||||xx |||||||||||||| ||und||
020 _a978-0-141-03023-4
040 _aJO-AjNU
_beng
_erda
_cJO-AjNU
041 _aeng
050 1 4 _aQA5.P4425 2008
100 3 _aNELSON, DAVID,
_eauthor
_96288
245 0 0 _aPenguin Dictionary of MATHEMATICS
250 _a4ed
264 3 1 _aBritain:penguing Grop,2008
336 _atext
_btxt
_2rdacontent
337 _aunmediated
_bn
_2rdamedia
338 _avolume
_bnc
_2rdacarrier
650 4 _amathematics-Dictionary
_96289
999 _aE3262
_c3258
_d3258